The art of molecular dynamics simulation (Record no. 60434)

000 -LEADER
fixed length control field 01343cam a2200313 a 4500
001 - CONTROL NUMBER
control field 13655336
003 - CONTROL NUMBER IDENTIFIER
control field NUST-PNEC
005 - DATE AND TIME OF LATEST TRANSACTION
control field 20170116180657.0
008 - FIXED-LENGTH DATA ELEMENTS--GENERAL INFORMATION
fixed length control field 040715s2004 enka b 001 0 eng
010 ## - LIBRARY OF CONGRESS CONTROL NUMBER
LC control number 2004555409
020 ## - INTERNATIONAL STANDARD BOOK NUMBER
International Standard Book Number 0521825687
040 ## - CATALOGING SOURCE
Original cataloging agency DLC
Transcribing agency PNEC
Modifying agency DLC
050 00 - LIBRARY OF CONGRESS CALL NUMBER
Classification number QC173.457.C64
Item number R37 2004
082 00 - DEWEY DECIMAL CLASSIFICATION NUMBER
Classification number 539.6 RAP
100 1# - MAIN ENTRY--PERSONAL NAME
Personal name Rapaport, D. C.
245 14 - TITLE STATEMENT
Title The art of molecular dynamics simulation
Statement of responsibility, etc. D.C. Rapaport.
250 ## - EDITION STATEMENT
Edition statement 2nd ed.
260 ## - PUBLICATION, DISTRIBUTION, ETC.
Place of publication, distribution, etc. Cambridge, UK ;
-- New York, NY :
Name of publisher, distributor, etc. Cambridge University Press,
Date of publication, distribution, etc. 2004.
300 ## - PHYSICAL DESCRIPTION
Extent xiii, 549 p. :
Other physical details ill. ;
Dimensions 26 cm.
500 ## - GENERAL NOTE
General note http://www.amazon.com/Art-Molecular-Dynamics-Simulation/dp/0521825687/ref=sr_1_1?s=books&ie=UTF8&qid=1409829775&sr=1-1&keywords=0521825687
504 ## - BIBLIOGRAPHY, ETC. NOTE
Bibliography, etc. note Includes bibliographical references (p. 519-531) and indexes.
650 #0 - SUBJECT ADDED ENTRY--TOPICAL TERM
Topical term or geographic name entry element Condensed matter
General subdivision Computer simulation.
650 #0 - SUBJECT ADDED ENTRY--TOPICAL TERM
Topical term or geographic name entry element Molecular dynamics
General subdivision ME
856 42 - ELECTRONIC LOCATION AND ACCESS
Materials specified Publisher description
Uniform Resource Identifier <a href="http://www.loc.gov/catdir/description/cam051/2004555409.html">http://www.loc.gov/catdir/description/cam051/2004555409.html</a>
856 41 - ELECTRONIC LOCATION AND ACCESS
Materials specified Table of contents
Uniform Resource Identifier <a href="http://www.loc.gov/catdir/toc/fy045/2004555409.html">http://www.loc.gov/catdir/toc/fy045/2004555409.html</a>
906 ## - LOCAL DATA ELEMENT F, LDF (RLIN)
a 7
b cbc
c origcop
d 2
e ncip
f 20
g y-gencatlg
942 ## - ADDED ENTRY ELEMENTS (KOHA)
Source of classification or shelving scheme
Koha item type Book
Holdings
Withdrawn status Lost status Source of classification or shelving scheme Damaged status Not for loan Permanent Location Current Location Date acquired Source of acquisition Cost, normal purchase price Total Checkouts Full call number Barcode Date last seen Cost, replacement price Price effective from Koha item type
          Pakistan Navy Engineering College (PNEC) Pakistan Navy Engineering College (PNEC) 07/18/2005 Royal Book Company 5032.00   539.6 RAP PNECLIB-027521 09/04/2014 5032.00 07/18/2005 Book
© 2023 Central Library, National University of Sciences and Technology. All Rights Reserved.